000 00746nam a2200289Ia 4500
008 170203s9999 xx 000 0 und d
020 _a0-439376076
050 _aFic
050 _bM123g
100 _aMaccarone, Grace.
245 _aMagic Matt and the dinosaur /
245 _cby Grace Maccarone ; illustrated by Norman Bridwell.
260 _aNew York :
260 _bScholastic,
260 _c©2004.
300 _a1 volume (unpaged) :
300 _bcolor illustrations ;
300 _c23 cm.
440 _aScholastic reader.
440 _vLevel 1.
500 _a"Cartwheel books."
650 _aDinosaurs--
650 _aMagic--
650 _xFiction.
650 _xFiction.
700 _aBridwell, Norman, ill.
999 _c306672
_d306672